Catálogo

ADMINISTRACIÓN DE PRODUCCIÓN Y OPERACIONES : (Registro nro. 26934)

Detalles MARC
000 -LEADER
fixed length control field 00536nam a2200193 a 4500
001 - CONTROL NUMBER
control field 26934
005 - DATE AND TIME OF LATEST TRANSACTION
control field 20180713225546.0
008 - FIXED-LENGTH DATA ELEMENTS--GENERAL INFORMATION
fixed length control field 140415s2000 mx 000 0 spa d
020 ## - INTERNATIONAL STANDARD BOOK NUMBER
International Standard Book Number 9584100718
041 ## - LANGUAGE CODE
Language code of text/sound track or separate title spa
082 ## - DEWEY DECIMAL CLASSIFICATION NUMBER
Classification number 658.529
Item number CHA
100 1# - MAIN ENTRY--PERSONAL NAME
Personal name JACOBS CHASE ,AQUILANO
245 10 - TITLE STATEMENT
Title ADMINISTRACIÓN DE PRODUCCIÓN Y OPERACIONES :
Remainder of title MANUFACTURA Y SERVICIOS
250 ## - EDITION STATEMENT
Edition statement 8° EDICÓN
260 ## - PUBLICATION, DISTRIBUTION, ETC.
Place of publication, distribution, etc. MEXICO :
Name of publisher, distributor, etc. MC GRAW HILL,
Date of publication, distribution, etc. 2000
300 ## - PHYSICAL DESCRIPTION
Extent 885
Dimensions 22 x 6 x 27
520 ## - SUMMARY, ETC.
Summary, etc. RP
650 14 - SUBJECT ADDED ENTRY--TOPICAL TERM
Topical term or geographic name entry element ADMINISTRACION
Existencias
Withdrawn status Lost status Source of classification or shelving scheme Damaged status Not for loan Collection code Home library Current library Shelving location Date acquired Source of acquisition Total Checkouts Full call number Barcode Date last seen Date last checked out Price effective from Koha item type
    Dewey Decimal Classification     General Tehuacán Tehuacán Sala general 03/12/2013 Compra   658.529 CHA 500001 08/01/2025 30/01/2016 03/12/2013 Libro
    Dewey Decimal Classification     General Tehuacán Tehuacán Sala general 03/12/2013 Compra   658.529 CHA 501798 08/01/2025 21/04/2015 03/12/2013 Libro